1681 1576 1157 1863 1993 1052 1568 1873 1687 1336 1860 1030 1471 1906 1748 1895 1589 1242 1255 1329 1859 1179 1168 1695 1993 1246 1146 1892 1372 1026 1812 1549 1390 1146 1897 1894 1857 1180 1124 1881 1907 1969 1404 1671 1658 1897 1618 1870 1236 1654 1491 1887 1620 1374 1944 1861 1382 1903 1690 1562 1271 1817 1904 1897 1702 1272 1098 1541 1226 1462 1169 1019 1151 1336 1497 1187 1356 1657 1690 1399 1105 1585 1831 1922 1039 1227 1705 1760 1169 1696 1996 1434 1888 1612 1645 1970 1683 1954 1680 BCNSPRNW ULIB Ver.6.0+V

เปลี่ยนเป็นภาษาไทย

Change to English
 แสดงรายละเอียดบรรณานุกรม
  กลับหน้าหลัก

Brief Record : Get Marc (ISO 2709) : E-mail record : QR code < ปิดหน้าต่าง
LEADER : 00000nam 2200000uu 4500
001    13399112484
003     ULIB
008    110818s2551||||th 000 0 tha d
020    9789741110223
050  4 HQ56^bม211ว 2551
245 00 วาทกรรมเรื่องเพศในหลักสูตรเพศศึกษาแนวใหม่ :^bมุมมอง การต่อรอง และการประยุกต์ใช้ /^cมลฤดี ลาพิมล ...[และคนอื่นๆ]
260    กรุงเทพฯ :^bมูลนิธิสร้างความเข้าใจเรื่องสุขภาพผู้หญิง(สคส.), ^c2551
300    148 หน้า :^bภาพประกอบ ;^c21 ซม.
500    ผู้วิจัย: มลฤดี ลาพิมล, พิมพวัลย์ บุญมงคล, ศรินยาสิงห์ทองวรรณ, อุไรรัตน์ หน้าใหญ่, รณภูมิ สามัคคีคารมย์
650  4 เพศ
650  4 เพศศึกษา^xการศึกษาและการสอน
650  4 เพศภาวะและเพศวิถี
650  4 เพศศึกษา^xหลักสูตร
700 0  มลฤดี ลาพิมล
700 0  พิมพวัลย์ บุญมงคล
700 0  ศรินยา สิงห์ทองวรรณ
700 0  อุไรรัตน์ หน้าใหญ่
700 0  รณภูมิ สามัคคีคารมย์
710 2  มหาวิทยาลัยมหิดล. ^bสถาบันวิจัยประชากรและสังคม
710 2  มูลนิธิสร้างความเข้าใจเรื่องสุขภาพผู้หญิง (สคส.)
945    ^p190^l0^i024339
995    ทศพร
999 ^a ทศพร
รายการนี้ยังไม่มีแท็ก
คุณยังไม่ได้ล็อกอิน คุณสามารถมีกิจกรรมร่วมกับเว็บไซต์ได้ แต่ต้องล็อกอินก่อน ::
  ล็อกอิน

รายการสื่อสารสนเทศ

ลำดับที่ ประเภท เลขเรียก/บาร์โค้ด สถานที่ สถานะ
- ไม่พบข้อมูล -

รายการใกล้เคียง
    หัวเรื่อง [เพศ]
    หัวเรื่อง [เพศภาวะและเพศวิถี]

BibComment


ยังไม่เคยถูกคอมเมนท์

คอมเมนท์ทรัพยากรรายการนี้
  คอมเมนท์: วาทกรรมเรื่องเพศใ..


 Copyright 2026. Bcnsprnw @Library